00636nam a2200205Ia 450000500170000000800410001702000150005808200130007310000120008624500640009826000790016230000130024165000170025465000190027165000110029065000130030194200060031495200950032099900150041520250613015656.0240331s9999 xx 000 0 und d a9558210013 bIVAa320 aIvan, V 0aNidahasa jathika ekagrathawa haa deshapalanaye pawul poraya aRatmalanabNandana Marasinghe Memorial ( Book Publishing Foundation)c1999 a255 p ., aIndependance aNational Unity aFamily aPolitics cL 001040708LaWERCLbWERCLcSSCd2024-03-31l0o 320 IVAp2972r2024-03-31w2024-03-31yL c2256d2256